Moje tělo není ostrov : 7.12.2022-4.6.2023, Veletržní palác /

Hlavní autor: Koťátková, Eva, 1982-
Korporativní autor: Veletržní palác (Praha, Česko)
Další autoři: Kovačeva, Elizabet, 1992-, Fields, Nathan, 1977-
Jazyk: Čeština
Vydáno: V Praze : Národní galerie, [2022]
Témata:
Fyzický popis: 21 stran : barevné ilustrace ; 15 cm
Knihy
Uloženo v:
LEADER 02456nam a2200625 i 4500
001 nkc20233516019
003 CZ PrNK
005 20230620092450.0
007 ta
008 230418t20222022xr a e c 000 0dcze
020 |a 978-80-7035-816-0  |q (brožováno) 
040 |a OLA001  |b cze  |e rda 
041 1 |a cze  |h eng 
043 |a e-xr--- 
045 |a y2y2 
072 7 |a 72/76  |x Výtvarné umění  |2 Konspekt  |9 21 
080 |a 72/76(437.3)  |2 MRF 
080 |a 7.038.544  |2 MRF 
080 |a 7.038.55  |2 MRF 
080 |a 7.038.531  |2 MRF 
080 |a 7.036/.038  |2 MRF 
080 |a (437.3)  |2 MRF 
080 |a (083.824)  |2 MRF 
100 1 |a Koťátková, Eva,  |d 1982-  |7 js20051017030  |4 art  |4 trl 
245 1 0 |a Moje tělo není ostrov :  |b 7.12.2022-4.6.2023, Veletržní palác /  |c Eva Koťátková ; překlad Eva Koťátková, Elizabet Kovačeva, Nathan Fields 
246 3 |a Eva Koťátková - moje tělo není ostrov 
264 1 |a V Praze :  |b Národní galerie,  |c [2022] 
264 4 |c ©2022 
300 |a 21 stran :  |b barevné ilustrace ;  |c 15 cm 
336 |a text  |b txt  |2 rdacontent 
337 |a bez média  |b n  |2 rdamedia 
338 |a svazek  |b nc  |2 rdacarrier 
500 |a Částečně přeloženo z angličtiny? 
600 1 7 |a Koťátková, Eva,  |d 1982-  |7 js20051017030  |2 czenas 
648 7 |a 21. století  |7 ch460559  |2 czenas 
650 0 7 |a české výtvarné umění  |7 ph116865  |y 21. století  |2 czenas 
650 0 7 |a objekty (umění)  |7 ph123590  |z Česko  |y 21. století  |2 czenas 
650 0 7 |a instalace (umění)  |7 ph121119  |z Česko  |y 21. století  |2 czenas 
650 0 7 |a performance (umění)  |7 ph124034  |z Česko  |y 21. století  |2 czenas 
650 0 7 |a moderní umění  |7 ph115340  |z Česko  |2 czenas 
650 0 9 |a Czech art  |y 21st century  |2 eczenas 
650 0 9 |a objects (art)  |z Czechia  |y 21st century  |2 eczenas 
650 0 9 |a installations (art)  |z Czechia  |y 21st century  |2 eczenas 
650 0 9 |a performance art  |z Czechia  |y 21st century  |2 eczenas 
650 0 9 |a modern art  |z Czechia  |2 eczenas 
655 7 |a katalogy výstav  |7 fd132536  |2 czenas 
655 9 |a exhibition catalogs  |2 eczenas 
700 1 |a Kovačeva, Elizabet,  |d 1992-  |7 xx0211363  |4 trl 
700 1 |a Fields, Nathan,  |d 1977-  |7 mzk2017940654  |4 trl 
710 2 |a Veletržní palác (Praha, Česko)  |7 kn20050509008  |4 orm 
910 2 |a BOA001  |b S-1510.080 
990 |a BK 
995 |a 11 
991 |b 202306  |c NOV 
996 6 |b 2610941800  |c S-1510.080  |l MZK  |r Sklad / do 24 hodin  |n 1  |p p.v.  |w 001929301  |u 000010  |a 1  |e BOA001  |j MZK50  |s P